| 000 | 00320nam a2200121Ia 4500 | ||
|---|---|---|---|
| 005 | 20251222140103.0 | ||
| 008 | 251222s1900||||xx |||||||||||||| ||spa|| | ||
| 082 | _a149.2/W21O | ||
| 100 | _aWallner, Fritz | ||
| 245 | 0 | _aOcho Lecciones sobre el Realismo Constructivo | |
| 264 | _bUniversitarias de Valparaiso | ||
| 942 | _cLIB | ||
| 999 |
_c4028 _d4028 |
||